{"text_format":"3","workbook":"xlsx","n_sheets":4,"sheets":["8","9","10","11"],"not_rendered":{"defined_names":4},"read":"whole","date_system":"1900"}

{"sheet":"8","index":0,"n_rows":20,"n_cols":14,"rows_kept":20,"merged":[[0,0,0,13]]}
["Протокол по итогам муниципального этапа РОШ по предмету \"Геология\" Нижнекамского муниципального района в 2025-2026 "]
["№","Фамилия","Имя","Отчество","Пол","Класс","Класс участия","предварительный балл","добаленный балл","итоговый балл","Макс. балл","Статус","Призер РЭ прошлого года","Учитель"]
[1,"Калимуллин","Карим","Ренатович","м",8,8,84,null,84,100,"победитель",null,"Сагдиева Физуня Мустакимовна"]
[2,"Ризванов","Денис","Хамитович","м",8,8,81.1,null,81.1,100,"призер",null,"Сагдиева Физуня Мустакимовна"]
[3,"Гурьянова","Мария","Львовна","ж",8,8,73.5,null,73.5,100,"призер",null,"Малова Ольга Николаевна"]
[4,"Нуртдинов","Замир","Ленарович","м",8,8,72.8,null,72.8,100,"призер",null,"Дорофеева Ирина Викторовна"]
[5,"Башина","Милана","Владимировна","ж",8,8,72.1,null,72.1,100,"участник",null,"Латыпова Лилия Захраповна"]
[6,"Сабиров","Тимур","Рамилевич","м",8,8,72.1,null,72.1,100,"участник",null,"Сагдиева Физуня Мустакимовна"]
[7,"Никитин","Роман","Дмитриевич","м",8,8,69.5,null,69.5,100,"участник",null,"Мухамадулин Рустем Данилович"]
[8,"Коноплев","Денис","Игоревич","м",8,8,68.8,null,68.8,100,"участник",null,"Латыпова Лилия Захраповна"]
[9,"Закиров","Тимур","Алмазович","м",8,8,62.8,null,62.8,100,"участник",null,"Латыпова Лилия Захраповна"]
[10,"Бурганова","Ясмина","Ренатовна","ж",8,8,57.5,null,57.5,100,"участник",null,"Капёрская Ольга Викторовна"]
[11,"Андрианов","Сергей","Сергеевич","м",8,8,54.8,null,54.8,100,"участник",null,"Капёрская Ольга Викторовна"]
[12,"Махортова","Юлия","Дмитриевна","ж",8,8,48.8,null,48.8,100,"участник",null,"Латыпова Лилия Захраповна"]
[13,"Ахсанов","Артур","Марселевич","м",8,8,48.1,null,48.1,100,"участник",null,"Мухамадулин Рустем Данилович"]
[14,"Дыранов","Алексей","Сергеевич","м",8,8,45.8,null,45.8,100,"участник",null,"Мухамадулин Рустем Данилович"]
[15,"Волков","Андрей","Владиславович","м",8,8,44.7,null,44.7,100,"участник",null,"Сагдиева Физуня Мустакимовна"]
[16,"Ямков","Макар","Алексеевич","м",8,8,42.5,null,42.5,100,"участник",null,"Латыпова Лилия Захраповна"]
[17,"Фасхиев","Айназ","Рустемович","м",8,8,35.8,null,35.8,100,"участник",null,"Денисова Нафиса Ильдаровна"]
[18,"Зотин","Дмитрий","Дмитриевич","м",8,8,29.2,null,29.2,100,"участник",null,"Саушкина Наталья Владимировна"]

{"sheet":"9","index":1,"n_rows":15,"n_cols":14,"rows_kept":15,"merged":[[0,0,0,13]]}
["Протокол по итогам муниципального этапа РОШ по предмету \"Геология\" Нижнекамского муниципального района в 2025-2026 "]
["№","Фамилия","Имя","Отчество","Пол","Класс","Класс участия","предварительный балл","добаленный балл","итоговый балл","Макс. балл","Статус","Призер РЭ прошлого года","Учитель"]
[1,"Саматов","Бахтияр","Ирекович","м",9,9,71,null,71,100,"призер","да","Латыпова Лилия Захраповна"]
[2,"Шакрамов","Булат","Рамзилевичм","м",9,9,56,null,56,100,"участник",null,"Латыпова Лилия Захраповна"]
[3,"Гатин","Ислам","Русланович","м",9,9,48,null,48,100,"участник",null,"Ахтямзянова А.Г."]
[4,"Васильев","Дмитрий","Сергеевич","м",9,9,39.5,null,39.5,100,"участник",null,"Мухамадулин Рустем Данилович"]
[5,"Драгунов","Дмитрий","Игоревич","м",9,9,31.25,null,31.25,100,"участник",null,"Хайрутдинова Разиля Саяфовна"]
[6,"Мишечкин","Матвей","Андреевич","м",9,9,27.5,null,27.5,100,"участник",null,"Малова Ольга Николаевна"]
[7,"Михеев","Булат","Евгеньевич","м",9,9,27,null,27,100,"участник",null,"Капёрская Ольга Викторовна"]
[8,"Абдуллин","Тимур","Талгатович","м",9,9,25.5,null,25.5,100,"участник",null,"Мухамадулин Рустем Данилович"]
[9,"Конюхов","Никита","Станиславович","м",9,9,22,null,22,100,"участник",null,"Мухамадулин Рустем Данилович"]
[10,"Хасанов","Инсаф","Русланович","м",9,9,20,null,20,100,"участник",null,"Ахтямзянова А.Г."]
[11,"Бочаров","Матвей","Евгеньевич","м",9,9,18.5,null,18.5,100,"участник",null,"Дорофеева Ирина Викторовна"]
[12,"Серебряков","Владислав","Сергеевич","м",9,9,17.75,null,17.75,100,"участник",null,"Малова Ольга Николаевна"]
[13,"Гафуров","Карим","Айратович","м",9,9,9.25,null,9.25,100,"участник",null,"Капёрская Ольга Викторовна"]

{"sheet":"10","index":2,"n_rows":12,"n_cols":14,"rows_kept":12,"merged":[[0,0,0,13]]}
["Протокол по итогам муниципального этапа РОШ по предмету \"Геология\" Нижнекамского муниципального района в 2025-2026 "]
["№","Фамилия","Имя","Отчество","Пол","Класс","Класс участия","предварительный балл","добаленный балл","итоговый балл","Макс. балл","Статус","Призер РЭ прошлого года","Учитель"]
[1,"Гильмуллина","Гульшат","Маратовна","ж",10,10,78.5,null,78.5,100,"победитель","да","Латыпова Лилия Захраповна"]
[2,"Сабирова","Лейсан","Айратовна","ж",10,10,57.26,null,57.26,100,"участник",null,"Капёрская Ольга Викторовна"]
[3,"Бакиров","Азат","Алмазович","м",10,10,54.93,null,54.93,100,"участник",null,"Фомина Татьяна Георгиевна"]
[4,"Нурхаметов","Булат","Ильдарович","м",10,10,53.43,null,53.43,100,"участник",null,"Малова Ольга Николаевна"]
[5,"Насибуллин","Арслан","Ильнарович","м",10,10,52.16,null,52.16,100,"участник",null,"Алешина Асия Фаизовна"]
[6,"Бабихина","Алина","Николаевна","ж",10,10,51.76,null,51.76,100,"участник",null,"Капёрская Ольга Викторовна"]
[7,"Кужабеков","Радмир","Альбертович","м",10,10,45.13,null,45.13,100,"участник",null,"Мухамадулин Рустем Данилович"]
[8,"Силос","Игорь","Евгеньевич","м",10,10,43.56,null,43.56,100,"участник",null,"Алешина Асия Фаизовна"]
[9,"Митрофанова","Алина","Ильнаровна","ж",10,10,36.5,null,36.5,100,"участник",null,"Денисова Нафиса Ильдаровна"]
[10,"Миликов","Азат","Анвярович","м",10,10,31.85,null,31.85,100,"участник",null,"Мухамадулин Рустем Данилович"]

{"sheet":"11","index":3,"n_rows":11,"n_cols":14,"rows_kept":11,"merged":[[0,0,0,13]]}
["Протокол по итогам муниципального этапа РОШ по предмету \"Геология\" Нижнекамского муниципального района в 2025-2026 "]
["№","Фамилия","Имя","Отчество","Пол","Класс","Класс участия","предварительный балл","добаленный балл","итоговый балл","Макс. балл","Статус","Призер РЭ прошлого года","Учитель"]
[1,"Савельев","Захар","Антонович","м",11,11,85,null,85,100,"победитель","да","Латыпова Лилия Захраповна"]
[2,"Зубаирова","Милана","Ринатовна","ж",11,11,69.4,null,69.4,100,"участник","да","Латыпова Лилия Захраповна"]
[3,"Камалов","Расул","Ильсурович","м",11,11,68,null,68,100,"участник",null,"Латыпова Лилия Захраповна"]
[4,"Николаев","Илья","Дмитриевич","м",11,11,63,null,63,100,"участник","да","Латыпова Лилия Захраповна"]
[5,"Насибуллин","Ильдан","Ирекович","м",11,11,57.4,null,57.4,100,"участник",null,"Латыпова Лилия Захраповна"]
[6,"Иванов","Евгений ","Олегович","м",11,11,51.6,null,51.6,100,"участник",null,"Хайрутдинова Разиля Саяфовна"]
[7,"Аблакатов","Сергей","Алексеевич","м",11,11,50.6,null,50.6,100,"участник",null,"Сагдиева Физуня Мустакимовна"]
[8,"Реимов","Вадим","Андреевич","м",11,11,47.6,null,47.6,100,"участник",null,"Сагдиева Физуня Мустакимовна"]
[9,"Лихачев","Кирилл","Сергеевич","м",11,11,40.4,null,40.4,100,"участник",null,"Хайрутдинова Разиля Саяфовна"]